Statistics for All NFL Starting Quarterbacks of the 2010s

Click here to take the quiz!

General Stats

  • This quiz has been taken 60,099 times
    (16,298 since last reset)
  • The average score is 66 of 159

Answer Stats

# StartsTeamsQuarterback% Correct
71Broncos, ColtsPeyton Manning
95%
147GiantsEli Manning
95%
156PatriotsTom Brady
93%
142PackersAaron Rodgers
91%
153SaintsDrew Brees
91%
12149ers, Chiefs, RedskinsAlex Smith
90%
128SeahawksRussell Wilson
89%
31JetsGeno Smith
87%
649ersTroy Smith
86%
22RavensLamar Jackson
86%
169FalconsMatt Ryan
86%
2649ers, PatriotsJimmy Garoppolo
86%
1TitansRusty Smith
85%
124PanthersCam Newton
85%
160ChargersPhilip Rivers
85%
130SteelersBen Roethlisberger
84%
70BuccaneersJameis Winston
83%
64CowboysDak Prescott
83%
139Broncos, RavensJoe Flacco
83%
15Seahawks, VikingsTarvaris Jackson
83%
133BengalsAndy Dalton
82%
31ChiefsPatrick Mahomes II
82%
139LionsMatthew Stafford
82%
88Redskins, VikingsKirk Cousins
81%
56EaglesCarson Wentz
81%
72CowboysTony Romo
80%
29BrownsBaker Mayfield
80%
48Chiefs, Eagles, Jaguars, RamsNick Foles
80%
37TexansDeshaun Watson
79%
94RaidersDerek Carr
79%
86ColtsAndrew Luck
79%
98Dolphins, TitansRyan Tannehill
79%
54RamsJared Goff
77%
116Bills, Buccaneers, Dolphins, Jets, Texas, TitansRyan Fitzpatrick
76%
12GiantsDaniel Jones
76%
5SteelersLandry Jones
75%
5849ersColin Kaepernick
75%
41BearsMitch Trubisky
75%
27BillsJosh Allen
75%
61TitansMarcus Mariota
73%
13PanthersKyle Allen
73%
3BroncosBrandon Allen
73%
34Saints, VikingsTeddy Bridgewater
73%
100Bengals, Cardinals, RaidersCarson Palmer
72%
16CardinalsKyler Murray
72%
100Bears, DolphinsJay Cutler
70%
41Browns, Ravens, RedskinsRobert Griffin III
67%
73JaguarsBlake Bortles
67%
31Colts, PatriotsJacoby Brissett
62%
26JetsSam Darnold
61%
13VikingsBrett Favre
60%
46Eagles, Jets, SteelersMichael Vick
59%
58Jets, Eagles, RedskinsMark Sanchez
58%
46Bills, BrownsTyrod Taylor
58%
12JaguarsGardner Minshew
57%
5BroncosDrew Lock
55%
53Falcons, Ravens, TexansMatt Schaub
54%
93Cardinals, Eagles, Rams, VikingsSam Bradford
53%
52Broncos, Rams, Texans, Redskins, VikingsCase Keenum
52%
8BrownsJohnny Manziel
52%
7RedskinsDwayne Haskins
50%
8SteelersMason Rudolph
48%
16Cardinals, DolphinsJosh Rosen
48%
19Lions, Rams, VikingsShaun Hill
45%
32Broncos, Dolphins, TexansBrock Osweiler
44%
4Buccaneers, RedskinsJosh Johnson
44%
46Bears, Browns, Buccaneers, JetsJosh McCown
43%
3Jaguars, SaintsLuke McCown
42%
43Colts, Seahawks, TitansMatt Hasselbeck
42%
19Redskins, VikingsDonovan McNabb
40%
14BroncosTim Tebow
40%
28Browns, RedskinsColt McCoy
39%
15BrownsDeShone Kizer
37%
3849ers, Bears, Browns, Cardinals, Colts, TexansBrian Hoyer
36%
4849ers, Cardinals, Jaguars, TexansBlaine Gabbert
36%
6SteelersDevlin Hodges
35%
50Chiefs, Cowboys, Titans, VikingsMatt Cassel
33%
24Chiefs, Dolphins, PanthersMatt Moore
32%
11Eagles, TitansVince Young
32%
5Bears, ChiefsChase Daniel
31%
2CowboysKellen Moore
31%
52Buccaneers, Colts, VikingsJosh Freeman
31%
7Packers, RaidersMatt Flynn
30%
849ersNick Mullens
30%
22Bears, BuccaneersMike Glennon
29%
36VikingsChristian Ponder
28%
18Bills, RaidersEJ Manuel
27%
25Broncos, JetsTrevor Siemian
27%
34Bills, Broncos, Chiefs, CowboysKyle Orton
27%
26Browns, Cowboys, TexansBrandon Weeden
26%
1049ersC.J. Beathard
26%
9PackersBrett Hundley
26%
4BroncosPaxton Lynch
26%
4Bengals, TexansA.J. McCarron
25%
23TitansJake Locker
24%
40Dolphins, JaguarsChad Henne
24%
15Bills, Cardinals, PanthersDerek Anderson
24%
4BillsNathan Peterman
23%
14JaguarsDavid Garrard
22%
16RedskinsRex Grossman
21%
3BengalsRyan Finley
19%
5LionsDavid Blough
19%
27Bears, Browns, RaidersJason Campbell
19%
16Cardinals, LionsDrew Stanton
18%
8Bengals, LionsJeff Driskel
18%
7Bears, BillsMatt Barkley
18%
8ChiefsBrady Quinn
17%
4BrownsJake Delhomme
17%
8Browns, PackersSeneca Wallace
16%
1TexansMatt Leinart
16%
1SteelersByron Leftwich
16%
9TexansTom Savage
16%
10RaidersTerrelle Pryor
16%
19Cardinals, EaglesKevin Kolb
16%
11RamsAustin Davis
16%
9CowboysJon Kitna
16%
2PanthersWill Grier
16%
12Browns, JaguarsCody Kessler
15%
10Titans, ColtsKerry Collins
15%
1BearsTodd Collins
15%
2VikingsJoe Webb
14%
1DolphinsChad Pennington
14%
10TexansT.J. Yates
14%
5ColtsDan Orlovsky
14%
5SteelersCharlie Batch
14%
8ColtsCurtis Painter
14%
14Bears, Panthers, RavensJimmy Clausen
14%
8Ravens, TexansRyan Mallett
14%
17CardinalsJohn Skelton
13%
9Seahawks, TitansCharlie Whitehurst
13%
4Colts, PackersScott Tolzien
13%
6Bills, BrownsThaddeus Lewis
12%
7RaidersMatt McGloin
11%
10TitansZach Mettenberger
11%
3Bills, JaguarsTrent Edwards
10%
6CardinalsRyan Lindley
10%
2Rams, VikingsSean Mannion
10%
7JetsBryce Petty
10%
2JetsLuke Falk
10%
1BrownsKevin Hogan
9%
4BearsCaleb Hanie
9%
4RaidersBruce Gradkowski
9%
3CardinalsMax Hall
9%
1DolphinsTyler Thigpen
8%
1PanthersTaylor Heinicke
8%
2SteelersDennis Dixon
8%
1JetsGreg McElroy
8%
12RamsKellen Clemens
7%
1BillsJeff Tuel
7%
1RaidersKyle Boller
7%
1BrownsConnor Shaw
7%
1BillsBrian Brohm
7%
3RedskinsJohn Beck
7%
1PanthersBrian St. Pierre
6%
4ChiefsTyler Palko
6%
1ChiefsBrodie Croyle
6%
3RamsA.J. Feeley
6%
1CowboysStephen McGee
5%
1JaguarsTodd Bouman
5%

Score Distribution

Percentile by Number Answered

Percent of People with Each Score

Your Score History

You have not taken this quiz since the last reset